000 01341nam a2200349 c 4500
003 BLK
005 20180420234211.0
008 180410b bul|||||r ||||||| ||bul||
010 _aKNG00161867000
040 _aBLK
041 _aBUL
_cBUL
_hGRE
072 7 _2bullib
_aС
_xСтаропечатен фонд
080 _aНовогръцки език
_b811.146
_x-5(075)
_z811.146-5(075)
100 1 _aВелев, Филип
_eпърви автор
_9332737
139 _aВелев, Филип
_bВ 38
245 1 0 _aГраматика гръко-българска
_bСъставена и първо издадена за в полза на народните български училища от Филиппа Велиев
_cФилип Велев.
257 _aBGR
260 Цариград
_c1860
_fЦариград : В книгопечатницата на А. Минасоглу
300 _a[1], [3], 104, [1]с.
_c21 см
380 _a80
650 4 _aГръцки език - граматика
_9269817
651 4 _aБългария
_9241624
653 _aгръцки език
653 _aграматика
653 _aучебници
659 _aС
852 _aЦб Ст 1021 * 491
856 4 _qpdf
_u
856 4 _qpdf
_u
942 _cKNG
_n0
944 _aCR
_c10.06.2014
_kХристина_Везирева
944 _aED
_c10.06.2014
_k
999 _c155193
_d155193